00500cam a2200121 i 4500020001500000040000800015082002600023245005800049300004500107500018100152650002900333700001600362 a0821405217 cDLC0 a334 GFA 1979 C147 Or.00aGroup farming in Asia :bexperiences and potentials / axvi, 296 pages :billustrations ;c24 cm a"Based on papers presented at a conference sponsored by the Regional Research and Training Programme of the Agricultural Development Council in Singapore on 22-24 August 1977." 0aAgriculture, Cooperative1 aWong, John,